Apollónův pád. Temné proroctví /
Apollón dál trčí v kůži Lestera Papadopoulose. Z jeho nadpřirozených schopností mu nezbyla ani jedna a tělo nemotorného teenagera, ve kterém se nachází, je jen pro zlost. Diovo odpuštění a místo na Olympu získá zpět, jen pokud najde starověké zdroje proroctví a osvobodí je. Naštěstí na to není sám -...
Uloženo v:
| Série: | Apollónův pád,
část 2 |
|---|---|
| Hlavní autor: | |
| Další autoři: | |
| Médium: | E-kniha |
| Jazyk: | Czech |
| Vydáno: |
Praha :
Fragment,
2017
|
| Vydání: | 1. vydání |
| Témata: | |
| Příbuzné jednotky: | Z cyklu::
Apollónův pád |
| Tagy: |
Žádné tagy |
| LEADER | 02738nam a2200517 i 4500 | ||
|---|---|---|---|
| 001 | 310854 | ||
| 003 | CZ PrSKC | ||
| 005 | 20260601215655.0 | ||
| 007 | ta | ||
| 008 | 171110s2017 xr d 000 f cze | ||
| 015 | |a cnb002954609 | ||
| 020 | |a 9788025333938 |q (vázáno) | ||
| 035 | |a (OCoLC)1015195128 | ||
| 040 | |a OLA001 |b cze |e rda | ||
| 041 | 1 | |a cze |h eng | |
| 072 | 7 | |a 821.111(73)-3 |x Americká próza |2 Konspekt | |
| 072 | 7 | |a 821-93 |x Literatura pro děti a mládež (beletrie) |2 Konspekt | |
| 080 | |a 821.111(73)-31 |2 MRF | ||
| 080 | |a 821-93 |2 MRF | ||
| 080 | |a (0:82-312.9) |2 MRF | ||
| 100 | 1 | |a Riordan, Rick, |d 1964- |7 xx0103318 |4 aut | |
| 240 | 1 | 0 | |a Dark prophecy. |l Česky |
| 245 | 1 | 0 | |a Apollónův pád. |p Temné proroctví / |c napsal Rick Riordan ; z anglického originálu The trials of Apollo - The dark prophecy přeložila Dana Chodilová |
| 246 | 3 | 0 | |a Temné proroctví |
| 250 | |a 1. vydání | ||
| 264 | 1 | |a Praha : |b Fragment, |c 2017 | |
| 300 | |a 388 stran ; |c 22 cm | ||
| 336 | |a text |b txt |2 rdacontent | ||
| 337 | |a bez média |b n |2 rdamedia | ||
| 338 | |a svazek |b nc |2 rdacarrier | ||
| 520 | 2 | |a Apollón dál trčí v kůži Lestera Papadopoulose. Z jeho nadpřirozených schopností mu nezbyla ani jedna a tělo nemotorného teenagera, ve kterém se nachází, je jen pro zlost. Diovo odpuštění a místo na Olympu získá zpět, jen pokud najde starověké zdroje proroctví a osvobodí je. Naštěstí na to není sám - po boku má starého známého Lea Valdeze, jeho draka ohniváče a bývalou nymfu Kalypsó. Cesta za dalším Orákulem vede na Středozápad! Nakladatelská anotace. | |
| 520 | 2 | |a Druhý díl řady volně navazující na sérii Bohové Olympu. Bůh Apollón je za trest uvězněn v těle smrtelníka. Dobrodružný fantasy příběh pro starší děti. | |
| 655 | 7 | |a americké romány |7 fd131796 |2 czenas | |
| 655 | 7 | |a fantasy romány |7 fd184199 |2 czenas | |
| 655 | 7 | |a publikace pro mládež |7 fd133157 |2 czenas | |
| 655 | 9 | |a American fiction |2 eczenas | |
| 655 | 9 | |a fantasy novels |2 eczenas | |
| 655 | 9 | |a juvenile literature |2 eczenas | |
| 700 | 1 | |a Chodilová, Dana, |d 1964- |7 xx0017374 |4 trl | |
| 787 | 0 | 8 | |i Z cyklu: |t Apollónův pád |g 2 |
| 900 | |a ABA001 |b 21 | ||
| 928 | 9 | |a Albatros Media - Fragment | |
| 044 | |a xr | ||
| 910 | |a RBIT002 | ||
| 998 | |d 176950 |a https://core.palmknihy.cz/api/books/176950/cover?sko4gi |b https://core.palmknihy.cz/api/books/176950/cover/400?sko4gi |c https://core.palmknihy.cz/api/books/176950/cover/50?sko4gi |e 2029-10-01 |g 392 |i 9788025333938 |j https://core.palmknihy.cz/api/books/176950/preview.epub |k https://core.palmknihy.cz/api/books/176950/preview.pdf |l |q 49 |r 1 |s https://www.palmknihy.cz/kniha/176950 |t ebook |y 2017 |z 0 |v Apollónův pád |w 2 | ||
| 999 | |d 310852 | ||